000 00369nam a2200133Ia 4500
001 4327
008 241024s9999 xx 000 0 und d
082 _aRD/923.97293/C117d
100 _aEuri Cabral
245 0 _aDuarte. Padre de la Patria Dominicana, Un Hombre de Fe y de Acción
260 _bEditorial Ianna
_c2013
901 _a31/8/2016 12:01:10 p.m.
999 _c7634
_d7634